Представление документа в формате RUSMARC

Поле Инд. ПП Название Значение
Тип записи a
Библиографический уровень m
001 Контрольный номер RU/REP/BASE/00060570
005 Дата корректировки 20250428110258.9
200 1_ a Заглавие Актуальные проблемы развития судебной системы и системы добровольного и принудительного исполнения решений Конституционного Суда РФ, судов общей юрисдикции, арбитражных, третейских судов и Европейского суда по правам человека
210 1_ a Место издания Краснодар; СПб.
c Издательство Изд-во Р. Асланова Юр. центр Пресс
d Дата издания 2008
215 a Объем 944 с.
686 v Номер издания LBC/SL-A
2 Код системы rubbk
898 a Местонахождение РГУП
b Место хранения Фонд РАП
i Дата постановки на учет 09.11.2009
898 a Местонахождение РГУП
b Место хранения Фонд РАП
i Дата постановки на учет 26.06.2012
901 t Тип документа m
905 a Дата ввода 20231127